[Event "SVK-ch Blitz"]
[Site "Nitra"]
[Date "2022.10.29"]
[Round "1"]
[White "Danek, Pavol"]
[Black "Loffay, Pavol"]
[Result "1-0"]
[WhiteElo "2153"]
[BlackElo "1673"]
[PlyCount "119"]
[EventDate "2022.10.29"]
[EventType "swiss"]
[EventRounds "13"]
[EventCountry "SVK"]
[SourceTitle "EXT 2024"]
[Source "ChessBase"]
[SourceDate "2023.10.10"]
[SourceVersion "1"]
[SourceVersionDate "2023.10.10"]
[SourceQuality "1"]

1. d4 f5 2. e4 fxe4 3. Nc3 Nf6 4. Bg5 e6 5. Nxe4 Be7 6. Bxf6 Bxf6 7. Nf3 0-0 8. Bd3 b6 9. 0-0 Bb7 10. c3 Qe7 11. Re1 d6 12. Qc2 g6 13. Re2 Nd7 14. Rae1 Rae8 15. h3 e5 16. Nxf6+ Qxf6 17. dxe5 Nxe5 18. Nxe5 Rxe5 19. Rxe5 dxe5 20. Qe2 Qg5 21. Bc4+ Kg7 22. Qxe5+ Qxe5 23. Rxe5 Kf6 24. Re6+ Kf5 25. Re7 Rd8 26. Rxc7 Be4 27. f3 Bd5 28. Bxd5 Rxd5 29. Rxa7 Rd2 30. b3 h5 31. c4 g5 32. Kh2 Kf4 33. Rf7+ Ke3 34. Rf5 g4 35. fxg4 hxg4 36. hxg4 Rxa2 37. Kg3 Rb2 38. Rb5 Kd4 39. Rxb6 Re2 40. g5 Kc5 41. Rb5+ Kd6 42. Kf3 Ra2 43. g4 Ke6 44. Rb6+ Kf7 45. g6+ Kg7 46. g5 Ra1 47. c5 Rf1+ 48. Ke4 Rg1 49. Kf5 Rf1+ 50. Ke5 Re1+ 51. Kd5 Rd1+ 52. Kc4 Rg1 53. c6 Rg2 54. Kb4 Rg4+ 55. Ka3 Rg1 56. b4 Rc1 57. b5 Kxg6 58. c7+ Kxg5 59. Rc6 Ra1+ 60. Kb2 1-0

[Event "SVK-ch Blitz"]
[Site "Nitra"]
[Date "2022.10.29"]
[Round "10"]
[White "Egyed, Judit"]
[Black "Danek, Pavol"]
[Result "0-1"]
[WhiteElo "1932"]
[BlackElo "2153"]
[PlyCount "64"]
[EventDate "2022.10.29"]
[EventType "swiss"]
[EventRounds "13"]
[EventCountry "SVK"]
[SourceTitle "EXT 2024"]
[Source "ChessBase"]
[SourceDate "2023.10.10"]
[SourceVersion "1"]
[SourceVersionDate "2023.10.10"]
[SourceQuality "1"]

1. e4 d6 2. d4 g6 3. Nc3 Bg7 4. f4 Nf6 5. Nf3 0-0 6. Bd3 c5 7. d5 a6 8. a4 Bg4 9. 0-0 Nbd7 10. h3 Bxf3 11. Qxf3 Qc7 12. Qe2 Rae8 13. Be3 e6 14. Qf2 exd5 15. exd5 Nb6 16. Qf3 Nfxd5 17. Bd2 Nxc3 18. bxc3 c4 19. Be4 d5 20. Bxd5 Nxd5 21. Qxd5 Rd8 22. Qe4 Rxd2 23. f5 Qc6 24. Qg4 Bxc3 25. fxg6 Qxg6 26. Qxg6+ hxg6 27. Rab1 b6 28. Rbc1 Re8 29. Rf3 Bd4+ 30. Kh2 Ree2 31. c3 Rxg2+ 32. Kh1 Rh2# 0-1

[Event "SVK-ch Blitz"]
[Site "Nitra"]
[Date "2022.10.29"]
[Round "4"]
[White "Vrba, Michal"]
[Black "Danek, Pavol"]
[Result "1-0"]
[WhiteElo "1927"]
[BlackElo "2153"]
[PlyCount "79"]
[EventDate "2022.10.29"]
[EventType "swiss"]
[EventRounds "13"]
[EventCountry "SVK"]
[SourceTitle "EXT 2024"]
[Source "ChessBase"]
[SourceDate "2023.10.10"]
[SourceVersion "1"]
[SourceVersionDate "2023.10.10"]
[SourceQuality "1"]

1. e4 d6 2. d4 g6 3. c4 Bg7 4. Nc3 Nf6 5. f4 0-0 6. Nf3 c5 7. d5 e6 8. Be2 exd5 9. exd5 Re8 10. 0-0 Bg4 11. h3 Bxf3 12. Bxf3 Nbd7 13. Qc2 a6 14. a4 b6 15. b3 Qc7 16. Bb2 Re7 17. Rae1 Rae8 18. Qd2 Qd8 19. Ba1 h6 20. Bb2 Nf8 21. g4 N8d7 22. Kg2 h5 23. Rh1 hxg4 24. hxg4 Rxe1 25. Rxe1 Nf8 26. Rxe8 Qxe8 27. Qe2 Qxe2+ 28. Bxe2 N8d7 29. Kf3 Kf8 30. Bd3 Ng8 31. Nd1 Bxb2 32. Nxb2 Ne7 33. Nd1 b5 34. cxb5 axb5 35. Bxb5 Nb6 36. Bc4 Nbxd5 37. Ne3 Nc7 38. Be2 d5 39. a5 Nc6 40. a6 1-0

[Event "SVK-chT2A 1819"]
[Site "Slovakia"]
[Date "2019.03.03"]
[Round "9.5"]
[White "Danek, Pavol"]
[Black "Hulla, Stanislav"]
[Result "1/2-1/2"]
[WhiteElo "2226"]
[BlackElo "1961"]
[PlyCount "80"]
[EventDate "2018.10.13"]
[EventType "team-tourn"]
[EventRounds "11"]
[EventCountry "SVK"]
[SourceTitle "EXT 2020"]
[Source "ChessBase"]
[SourceDate "2019.10.17"]
[SourceVersion "1"]
[SourceVersionDate "2019.10.17"]
[SourceQuality "1"]
[WhiteTeam "Krasnany"]
[BlackTeam "Pezinok"]
[WhiteTeamCountry "SVK"]
[BlackTeamCountry "SVK"]

1. d4 d5 2. Nf3 Nf6 3. c4 e6 4. Nc3 Nbd7 5. cxd5 exd5 6. Bg5 c6 7. e3 Bd6 8. Bd3 Nf8 9. Qc2 Ng6 10. Rc1 Be6 11. h4 h6 12. Bxg6 hxg5 13. Nxg5 Qe7 14. Nxe6 Qxe6 15. Bf5 Qe7 16. Qe2 g6 17. Bd3 0-0-0 18. a3 Kb8 19. Kd2 Rde8 20. g3 Qd7 21. Qf3 Ng4 22. Be2 f5 23. Bd3 Nf6 24. Ne2 Ne4+ 25. Bxe4 dxe4 26. Qg2 c5 27. Kc2 Qb5 28. Nc3 Qd3+ 29. Kb3 cxd4 30. Rhd1 Qa6 31. Rxd4 Be5 32. Rd2 Rc8 33. Qf1 Qb6+ 34. Ka2 Bxc3 35. bxc3 Rc5 36. c4 Rhc8 37. Rd4 Qe6 38. Ka1 b5 39. Rb1 Ka8 40. Qd1 Rxc4 1/2-1/2

[Event "Dos Hermanas Internet qual-A 10th"]
[Site "ICC INT"]
[Date "2009.03.13"]
[Round "7"]
[White "Coleman, Maxx W"]
[Black "Danek, Pavol"]
[Result "1-0"]
[WhiteElo "2212"]
[BlackElo "2209"]
[PlyCount "113"]
[EventDate "2009.03.13"]
[EventType "swiss (blitz)"]
[EventRounds "12"]
[EventCountry "ESP"]
[SourceTitle "CBM 129 Extra"]
[Source "ChessBase"]
[SourceDate "2009.05.05"]
[SourceVersion "2"]
[SourceVersionDate "2009.05.20"]
[SourceQuality "1"]

1. c4 e6 2. Nc3 d5 3. d4 Nf6 4. Nf3 Be7 5. e3 0-0 6. b3 Nbd7 7. Bd3 dxc4 8. bxc4 c5 9. 0-0 cxd4 10. exd4 b6 11. h3 Bb7 12. Be3 Rc8 13. Rc1 Re8 14. Ng5 Nf8 15. Nge4 Nxe4 16. Nxe4 Bf6 17. Bb1 Ng6 18. Qf3 Bxd4 19. Rfd1 e5 20. Bg5 Qxg5 21. Nxg5 Bxf3 22. Nxf3 Red8 23. g3 f6 24. Bf5 Rc6 25. Kg2 Ne7 26. Be4 Rcd6 27. Rd2 Bc5 28. Re2 Rd1 29. Rcc2 Kf8 30. h4 g6 31. Bb7 R8d7 32. Ba6 Rd8 33. Bb5 a6 34. Bxa6 Nc6 35. Bb5 Nb4 36. Rcd2 R1xd2 37. Nxd2 Nd3 38. Ne4 Ke7 39. f4 Kf7 40. fxe5 Nxe5 41. h5 gxh5 42. Nxc5 bxc5 43. a4 Rd4 44. a5 Nxc4 45. a6 Nb6 46. Be8+ Kg7 47. Bxh5 Rb4 48. a7 Ra4 49. Re7+ Kh6 50. Bf3 Kg5 51. Rb7 Na8 52. Rb8 Nc7 53. a8Q Rxa8 54. Bxa8 Nxa8 55. Rxa8 c4 56. Rc8 c3 57. Rxc3 1-0

[Event "Internet Section 18-A"]
[Site "Dos Hermanas"]
[Date "2003.03.18"]
[Round "3"]
[White "Danek, Pavol"]
[Black "Hoffman, Alejandro"]
[Result "0-1"]
[WhiteElo "2234"]
[BlackElo "2506"]
[PlyCount "104"]
[EventDate "2003.03.18"]
[EventType "swiss (blitz)"]
[EventRounds "9"]
[EventCountry "ESP"]
[SourceTitle "EXT 2004"]
[Source "ChessBase"]
[SourceDate "2003.11.25"]
[SourceVersion "1"]
[SourceVersionDate "2003.11.25"]
[SourceQuality "1"]

1. d4 e6 2. Nf3 d5 3. c4 c5 4. e3 Nf6 5. Nc3 Nc6 6. cxd5 exd5 7. Be2 cxd4 8. Nxd4 Bd6 9. 0-0 0-0 10. b3 Be5 11. Nxc6 bxc6 12. Bb2 Be6 13. Rc1 Bc7 14. Na4 Qd6 15. g3 Bh3 16. Re1 Rac8 17. Bd4 Rfe8 18. Bxa7 Ne4 19. Bf1 Bxf1 20. Rxf1 Ba5 21. Bc5 Qd7 22. Rc2 Re6 23. Bd4 Rh6 24. f3 Ng5 25. Nc5 Qf5 26. e4 Qg6 27. Be3 dxe4 28. Bxg5 Qxg5 29. Nxe4 Bb6+ 30. Kh1 Qh5 31. f4 Qf5 32. Qf3 Re8 33. Re2 Rhe6 34. Nd6 Qd5 35. Qxd5 cxd5 36. Rxe6 Rxe6 37. Rc1 Rxd6 38. Rc8+ Bd8 39. Kg2 g6 40. Kf2 Kg7 41. Ke2 Bf6 42. Kd3 Ra6 43. a4 Rb6 44. Kc2 d4 45. a5 Re6 46. b4 Re2+ 47. Kd3 Re3+ 48. Kc2 Ra3 49. Rc6 d3+ 50. Kd2 Be7 51. a6 Bxb4+ 52. Ke3 d2+ 0-1

[Event "Internet Section 18-A"]
[Site "Dos Hermanas"]
[Date "2003.03.18"]
[Round "8"]
[White "Mahia, Gustavo"]
[Black "Danek, Pavol"]
[Result "1-0"]
[WhiteElo "2377"]
[BlackElo "2234"]
[PlyCount "83"]
[EventDate "2003.03.18"]
[EventType "swiss (blitz)"]
[EventRounds "9"]
[EventCountry "ESP"]
[SourceTitle "EXT 2004"]
[Source "ChessBase"]
[SourceDate "2003.11.25"]
[SourceVersion "1"]
[SourceVersionDate "2003.11.25"]
[SourceQuality "1"]

1. e4 d6 2. d4 e5 3. dxe5 dxe5 4. Qxd8+ Kxd8 5. Nc3 c6 6. f4 f6 7. Nf3 Bg4 8. Be3 Nd7 9. 0-0-0 Kc7 10. Bc4 Bb4 11. f5 Ne7 12. Be6 Rhd8 13. h3 Bxf3 14. gxf3 Nf8 15. Bc4 Bxc3 16. bxc3 b6 17. Rdg1 g6 18. Bh6 gxf5 19. Rg7 Rd7 20. Rd1 fxe4 21. fxe4 Rxd1+ 22. Kxd1 Kd6 23. Rf7 Nd7 24. Rxh7 b5 25. Bf7 Nc5 26. Bg7 Nxe4 27. h4 Nf5 28. Bh8 Nxc3+ 29. Ke1 Nd5 30. Bg6 Nfe7 31. Bf7 a5 32. h5 b4 33. h6 a4 34. Bg7 c5 35. Rh8 Rxh8 36. Bxh8 c4 37. h7 b3 38. cxb3 cxb3 39. axb3 a3 40. Bxf6 Nxf6 41. h8Q Nfd5 42. Bxd5 1-0

[Event "Internet Section 16-A"]
[Site "Dos Hermanas"]
[Date "2003.03.16"]
[Round "2"]
[White "Danek, Pavol"]
[Black "Van Arkel, Rogier"]
[Result "1-0"]
[WhiteElo "2234"]
[BlackElo "2124"]
[PlyCount "89"]
[EventDate "2003.03.16"]
[EventType "swiss (blitz)"]
[EventRounds "9"]
[EventCountry "ESP"]
[SourceTitle "EXT 2004"]
[Source "ChessBase"]
[SourceDate "2003.11.25"]
[SourceVersion "1"]
[SourceVersionDate "2003.11.25"]
[SourceQuality "1"]

1. d4 Nf6 2. Nf3 e6 3. Bg5 b6 4. e3 Bb7 5. Bd3 c5 6. Nbd2 Nc6 7. c3 Be7 8. 0-0 Rc8 9. Qe2 0-0 10. Rfe1 cxd4 11. exd4 Nd5 12. Bxe7 Qxe7 13. Qe4 f5 14. Qe2 Nf4 15. Qf1 Rf6 16. Rad1 Rg6 17. g3 Nxd3 18. Qxd3 Qd6 19. Nh4 Rh6 20. Nc4 Qc7 21. d5 Nd8 22. Ne3 Rxh4 23. gxh4 Qf4 24. Ng2 Qg4 25. f3 Qg6 26. c4 b5 27. b3 bxc4 28. bxc4 Qf6 29. Qd4 Qg6 30. Kf2 Nf7 31. dxe6 dxe6 32. Qd7 Nd8 33. Qxd8+ Rxd8 34. Rxd8+ Kf7 35. Rd7+ Kf6 36. Rxb7 Qh6 37. f4 Qh5 38. Rxa7 Qe8 39. Ra6 Qc8 40. Raxe6+ Kf7 41. Re7+ Kg6 42. R1e6+ Kh5 43. Ne3 Qc5 44. Rxg7 h6 45. Rgg6 1-0

[Event "Internet Section 14-A"]
[Site "Dos Hermanas"]
[Date "2003.03.14"]
[Round "1"]
[White "Danek, Pavol"]
[Black "Stryjecki, Marek"]
[Result "1/2-1/2"]
[WhiteElo "2234"]
[BlackElo "2438"]
[PlyCount "118"]
[EventDate "2003.03.14"]
[EventType "swiss (blitz)"]
[EventRounds "9"]
[EventCountry "ESP"]
[SourceTitle "EXT 2004"]
[Source "ChessBase"]
[SourceDate "2003.11.25"]
[SourceVersion "1"]
[SourceVersionDate "2003.11.25"]
[SourceQuality "1"]

1. d4 g6 2. e4 Bg7 3. f4 d6 4. Nf3 c6 5. c3 b5 6. Bd3 Bb7 7. 0-0 Nf6 8. f5 gxf5 9. exf5 Nbd7 10. Bf4 Nb6 11. Qe2 Qd7 12. Nbd2 Nbd5 13. Bg3 Rg8 14. Ne4 Nxe4 15. Bxe4 Nf6 16. Bd3 Bh6 17. a4 a6 18. axb5 cxb5 19. c4 bxc4 20. Bxc4 Nh5 21. Bxa6 Nxg3 22. hxg3 Bxa6 23. Rxa6 Rxa6 24. Qxa6 Rxg3 25. Re1 Kf8 26. Qa8+ Kg7 27. Qe4 e6 28. Qh4 Rxf3 29. Qg4+ Kf8 30. Qxf3 exf5 31. d5 Bg7 32. b4 Be5 33. b5 Qxb5 34. Qxf5 Qxd5 35. Qxh7 Qe6 36. Rf1 d5 37. Qf5 Ke7 38. g4 Bd4+ 39. Kg2 Be3 40. Kf3 Bh6 41. Rf2 Qe3+ 42. Kg2 Qe4+ 43. Qxe4+ dxe4 44. Rf5 f6 45. Kf2 Ke6 46. Ke2 Bg5 47. Kd1 Be3 48. Kc2 Bd4 49. Kd2 Bg1 50. Ke2 Bd4 51. Rb5 Ba7 52. Kd2 Bd4 53. Ke1 Be3 54. Kf1 Bf4 55. Kg2 Bh6 56. Kf2 Bg5 57. Ke2 Bf4 58. Rf5 Bg5 59. Kf2 Bh6 1/2-1/2

[Event "SVK-chT1W 0304"]
[Site "Slovakia"]
[Date "2003.??.??"]
[Round "1"]
[White "Danek, Pavol"]
[Black "Moravcik, Rastislav"]
[Result "0-1"]
[WhiteElo "2225"]
[BlackElo "2145"]
[PlyCount "98"]
[EventDate "2003.10.??"]
[EventType "team"]
[EventRounds "9"]
[EventCountry "SVK"]
[SourceTitle "EXT 2005"]
[Source "ChessBase"]
[SourceDate "2004.11.15"]
[SourceVersion "1"]
[SourceVersionDate "2004.11.15"]
[SourceQuality "1"]

1. d4 d5 2. Nf3 c6 3. c4 e6 4. e3 f5 5. Bd3 Nf6 6. 0-0 Bd6 7. Qc2 Ne4 8. Ne5 0-0 9. f3 Ng5 10. f4 Ne4 11. c5 Bxe5 12. fxe5 b6 13. b4 Ba6 14. Bd2 Bxd3 15. Qxd3 Nd7 16. Nc3 Nxc3 17. Bxc3 Rf7 18. Qe2 b5 19. Qh5 Nf8 20. g4 g6 21. Qh6 Rb7 22. Be1 a5 23. a3 axb4 24. Bxb4 Qe7 25. Ra2 Qg7 26. Qh3 fxg4 27. Qxg4 Raa7 28. Raf2 Rf7 29. Rf6 Qh6 30. R1f3 Rxf6 31. exf6 g5 32. e4 Qg6 33. e5 h5 34. Qg2 g4 35. Rb3 Qf5 36. h3 Ng6 37. Qf2 Nf4 38. Kh2 Rh7 39. Bd2 Qc2 40. Rg3 Nxh3 41. Qg2 Kf7 42. Be3 Qf5 43. a4 bxa4 44. Qb2 h4 45. Rxh3 gxh3 46. Qb7+ Kg6 47. Qb8 Kh5 48. Qg8 Qg6 49. f7 Rxf7 0-1

[Event "SVK-chT1W 0304"]
[Site "Slovakia"]
[Date "2003.??.??"]
[Round "2"]
[White "Kisonova, Katarina"]
[Black "Danek, Pavol"]
[Result "1/2-1/2"]
[WhiteElo "2195"]
[BlackElo "2225"]
[PlyCount "130"]
[EventDate "2003.10.??"]
[EventType "team"]
[EventRounds "9"]
[EventCountry "SVK"]
[SourceTitle "EXT 2005"]
[Source "ChessBase"]
[SourceDate "2004.11.15"]
[SourceVersion "1"]
[SourceVersionDate "2004.11.15"]
[SourceQuality "1"]

1. e4 d6 2. d4 g6 3. Nc3 Bg7 4. Be3 c6 5. h3 b5 6. Bd3 Nd7 7. f4 Nb6 8. Qe2 Nf6 9. Nf3 0-0 10. 0-0 Be6 11. g4 Bc4 12. Rae1 d5 13. exd5 Nfxd5 14. Nxd5 Qxd5 15. Bxc4 Nxc4 16. b3 Nxe3 17. Qxe3 e6 18. c3 a5 19. Re2 Rfc8 20. Ne5 c5 21. dxc5 Qxc5 22. Rf3 g5 23. Qxc5 Rxc5 24. b4 axb4 25. cxb4 Rc1+ 26. Kg2 gxf4 27. Rxf4 Ra1 28. Rff2 Ra7 29. Nc6 Rc7 30. Rc2 Rb1 31. Rfd2 Bf6 32. Rd3 Rb2 33. Rdd2 Rxc6 34. Rxb2 Bxb2 35. Rxb2 Kg7 36. Kg3 Kf6 37. Rf2+ Ke7 38. Rf3 e5 39. Rf5 Ke6 40. Rh5 Rc3+ 41. Kf2 Rc4 42. Rh6+ Kd5 43. a3 Rc2+ 44. Ke1 Ra2 45. Rxh7 Rxa3 46. Rxf7 Rxh3 47. Rc7 Kd4 48. Rc5 e4 49. Rxb5 Ke3 50. Kf1 Rh1+ 51. Kg2 Rd1 52. Re5 Rd2+ 53. Kf1 Rd4 54. b5 Kd2 55. Kf2 Kd3 56. b6 Rd7 57. g5 Rf7+ 58. Ke1 Rh7 59. g6 Rb7 60. Re6 Ke3 61. Rf6 Rg7 62. Rc6 Rb7 63. Rc3+ Kd4 64. Rb3 Kc4 65. Re3 Kd4 1/2-1/2

[Event "SVK-chT 0203"]
[Site "Slovakia"]
[Date "2003.??.??"]
[Round "10"]
[White "Kovacik, Emil"]
[Black "Danek, Pavol"]
[Result "1/2-1/2"]
[WhiteElo "2204"]
[BlackElo "2245"]
[PlyCount "36"]
[EventDate "2002.10.??"]
[EventType "team"]
[EventRounds "11"]
[EventCountry "SVK"]
[SourceTitle "EXT 2004"]
[Source "ChessBase"]
[SourceDate "2003.11.25"]
[SourceVersion "1"]
[SourceVersionDate "2003.11.25"]
[SourceQuality "1"]

1. e4 d6 2. d4 g6 3. Nf3 Bg7 4. Nc3 c6 5. Bc4 Nf6 6. a4 0-0 7. 0-0 d5 8. Bd3 dxe4 9. Nxe4 Bg4 10. c3 Nxe4 11. Bxe4 Nd7 12. h3 Bxf3 13. Bxf3 Qc7 14. Re1 e5 15. dxe5 Nxe5 16. Bf4 Rad8 17. Bxe5 Bxe5 18. Qc2 Rfe8 1/2-1/2